| 000 | 00554nam a2200217 a 4500 | ||
|---|---|---|---|
| 999 |
_c5530 _d5530 |
||
| 001 | 5530 | ||
| 003 | BD-JhCC | ||
| 005 | 20171217192342.0 | ||
| 008 | 171217s r a|||| || | 00| 0 eng d | ||
| 035 | _a(BD-JhCC)5530 | ||
| 040 |
_aBD-JhCC _dBD-JhCC |
||
| 041 | _aeng | ||
| 082 |
_a621.952 _bFRE |
||
| 100 | _aFrenkel, I.Vinnikov, M. | ||
| 245 |
_aDrilling practice / _c I.Vinnikov, M. Frenkel, |
||
| 260 |
_aMoscow : _bPeace Publishers, |
||
| 300 |
_a218 p. : _bill. ; _c21 cm. |
||
| 650 | _aDrilling and boring | ||
| 942 |
_2ddc _cBK |
||